| 000 | 00385nam a2200145 i 4500 | ||
|---|---|---|---|
| 001 | bg | ||
| 245 | 0 |
_aFiziko chimiceskaja mechanika i liofil'nost' dispersnych sistem / _cVyp. 10. |
|
| 260 |
_aKiev : _b"Naukova Dumka", _c1978. |
||
| 300 |
_as. 135 : _brys., tab. |
||
| 040 | _cBPK | ||
| 041 | _apol | ||
| 080 | _a541.18=82 | ||
| 942 | _cKS | ||
| 008 | s pl f |000 0 pol | ||
| 999 |
_c18268 _d18268 |
||